| 000 | 00835nam a22002657i 4500 | ||
|---|---|---|---|
| 003 | EG-ScBUE | ||
| 005 | 20250527092200.0 | ||
| 008 | 090429t2008 at a f b 001 0 eng d | ||
| 020 | _a9789814227971 | ||
| 020 | _a9814227978 | ||
| 040 |
_aEG-ScBUE _beng _erda _cEG-ScBUE _dEG-ScBUE |
||
| 082 | 0 | 4 |
_222 _a530.41 _bWEI |
| 100 | 1 |
_aWei, Dan, _eauthor. |
|
| 245 | 1 | 0 |
_aSolid state physics / _cDan Wei, Tsinghua University, Beijing. |
| 264 | 1 |
_aAustralia : _bCengage learning, _c[2008] |
|
| 264 | 4 | _cc2008 | |
| 300 |
_axiii, 339 pages : _billustrations ; _c24 cm |
||
| 336 |
_2rdacontent _atext _btxt |
||
| 337 |
_aunmediated _2rdamedia _bn |
||
| 338 |
_avolume _bnc _2rdacarrier |
||
| 504 | _aIncludes bibliographical references and index. | ||
| 650 | 7 |
_94434 _aSolid state physics. _2BUEsh |
|
| 655 | _vReading book | ||
| 942 |
_2ddc _cBB |
||
| 999 |
_c11458 _d11458 |
||